The deadest thing you ever saw

Bibliographic Details
Main Author: Ross, Jonathan
Format: Book
Published: Bath : Chivers Press , 1990
Subjects:

MARC

LEADER 00000cam a2200000 7i4500
001 0000000692
002 000000788
005 20000330.0
020 |a 0862207711 
090 0 0 |a F   |b ROS 
100 1 |a Ross, Jonathan 
245 1 4 |a The deadest thing you ever saw   |c Jonathan Ross 
260 |a Bath :   |b Chivers Press ,   |c 1990 
300 |a 187p. ;   |c 21cm. 
650 0 0 |a Crime and detection fiction 
999 |a 030532   |b BUKU   |c PINJAMAN   |e PERPUSTAKAAN KOMUNITI PETALING JAYA